000 00506nam a22001697a 4500
005 20251108172519.0
008 250721s9999 xx 000 0 ara d
082 1 4 _a001.4/محج
100 1 _aمحجوب، وجيه
245 1 0 _aأصول البحث العلمي و مناهجه /
264 1 _aعمان :
_bدار المناهج للنشر و التوزيع،
300 _a334ص
650 1 7 _aالمعارف العامة
650 1 7 _aالبحث العلمي
942 _2ddc
_cBK
999 _c81291
_d81291